Online Catalogue and eLibrary

Lamayin pasal herayama hewath adyapanaya lamayin harayama (Record no. 5117)

MARC details
000 -LEADER
fixed length control field 00444nam a2200145Ia 4500
005 - DATE AND TIME OF LATEST TRANSACTION
control field 20250702024735.0
008 - FIXED-LENGTH DATA ELEMENTS--GENERAL INFORMATION
fixed length control field 240331s9999 xx 000 0 und d
082 ## - DDC Classification
Item Number - Author Mark PAT
Class No. 370
100 ## - MAIN ENTRY--PERSONAL NAME
Personal name Pathirana,C
245 #0 - TITLE STATEMENT
Title Lamayin pasal herayama hewath adyapanaya lamayin harayama
260 ## - PUBLICATION, DISTRIBUTION, ETC.
Place of publication, distribution, etc. Rajagiriya
Name of publisher, distributor, etc. Democratic Rights Movement
Date of publication, distribution, etc. 1987
300 ## - PHYSICAL DESCRIPTION
Extent (e.g. Volumes, Pages etc.) 60 p .,
500 ## - GENERAL NOTE
General note Children dropping out of School or Education Child Abandonment
942 ## - Koha item type (Biblio)
Koha item type Books in Stacks (Lending)
Holdings
Lost status Damaged status Collection code Home library Current library Shelving location Date acquired Full call number Accession Number Item type
    Lending WERC Library WERC Library Social Science Cupboard 03/31/2024 370 PAT 3395 Books in Stacks (Lending)

© WERC Library